Monetary Economics : (Record no. 17169)
[ view plain ]
| 000 -LEADER | |
|---|---|
| fixed length control field | 00930cam a2200265 a 4500 |
| 001 - CONTROL NUMBER | |
| control field | 17365460 |
| 005 - DATE AND TIME OF LATEST TRANSACTION | |
| control field | 20161123191459.0 |
| 008 - FIXED-LENGTH DATA ELEMENTS--GENERAL INFORMATION | |
| fixed length control field | 120628s2012 enka b 001 0 eng d |
| 010 ## - LIBRARY OF CONGRESS CONTROL NUMBER | |
| LC control number | 2012406229 |
| 020 ## - INTERNATIONAL STANDARD BOOK NUMBER | |
| International Standard Book Number | 0230301843 (pbk.) |
| 020 ## - INTERNATIONAL STANDARD BOOK NUMBER | |
| International Standard Book Number | 9780230301849 (pbk.) |
| 082 04 - DEWEY DECIMAL CLASSIFICATION NUMBER | |
| Classification number | 332.4 |
| Edition number | 22 |
| Item number | GOD |
| 100 1# - MAIN ENTRY--PERSONAL NAME | |
| Personal name | Godley, Wynne. |
| 9 (RLIN) | 32126 |
| 245 10 - TITLE STATEMENT | |
| Title | Monetary Economics : |
| Remainder of title | an Integrated Approach to Credit, Money, Income, Production and Wealth / |
| Statement of responsibility, etc | by Wynne Godley and Marx Lavoie. |
| 250 ## - EDITION STATEMENT | |
| Edition statement | 2nd ed. |
| 260 ## - PUBLICATION, DISTRIBUTION, ETC. (IMPRINT) | |
| Place of publication, distribution, etc | Houndmills, Basingstoke, Hampshire ; |
| -- | New York : |
| Name of publisher, distributor, etc | Palgrave Macmillan, |
| Date of publication, distribution, etc | 2012. |
| 300 ## - PHYSICAL DESCRIPTION | |
| Extent | xlvi, 530 p. : |
| Other physical details | ill. ; |
| Dimensions | 22 cm. |
| 500 ## - GENERAL NOTE | |
| General note | Previous ed.: 2007. |
| 504 ## - BIBLIOGRAPHY, ETC. NOTE | |
| Bibliography, etc | Includes bibliographical references (p. 501-513) and index. |
| 650 #0 - SUBJECT ADDED ENTRY--TOPICAL TERM | |
| Topical term or geographic name as entry element | Money. |
| 9 (RLIN) | 32127 |
| 653 ## - INDEX TERM--UNCONTROLLED | |
| Resource For college | |
| Arrived date list | January2013 |
| 650 #0 - SUBJECT ADDED ENTRY--TOPICAL TERM | |
| 9 (RLIN) | 4003 |
| Topical term or geographic name as entry element | Economics |
| General subdivision | Mathematical models |
| 700 1# - ADDED ENTRY--PERSONAL NAME | |
| Personal name | Lavoie, M. |
| Fuller form of name | (Marc) |
| 9 (RLIN) | 32128 |
| 942 ## - ADDED ENTRY ELEMENTS (KOHA) | |
| Source of classification or shelving scheme | Dewey Decimal Classification |
| Item type | Book - Borrowing |
| Withdrawn status | Item status | Source of classification or shelving scheme | Damaged status | Not for loan | Vendor | Home library | Current library | Shelving location | Date acquired | Source of acquisition | Cost, normal purchase price | Serial Enumeration / chronology | Total Checkouts | Full call number | Barcode | Date last seen | Koha item type |
|---|---|---|---|---|---|---|---|---|---|---|---|---|---|---|---|---|---|
| Dewey Decimal Classification | THe Middle East Observer | Central Library | Central Library | First floor | 30/01/2013 | 370.00 | 001338 | 332.4 GOD | 000027931 | 15/07/2025 | Book - Borrowing |